| 000 | 00638cam a2200229ua 4500 | ||
|---|---|---|---|
| 020 | _c350.00 | ||
| 041 |
_aeng _h |
||
| 082 |
_a631.8 _bHAV/SO |
||
| 100 | _aHavlin, John L . | ||
| 245 |
_aSoil feritlity and fertilizers: an introduction to nutrient management / _cJohn Havlon L. _hTextual Documents |
||
| 250 |
_a7 / _b. |
||
| 260 |
_aNew Delhi : _bPrentice Hall of India Pvt Ltd. , _c2005. |
||
| 300 | _a519 ; . | ||
| 365 | _a350.00 | ||
| 504 | _a | ||
| 700 | 1 | _aBeaton, James D . | |
| 700 | 1 | _aNelson, Werner L . | |
| 700 | 1 | _aTisdale, Samuel L . | |
| 942 | _cBK | ||
| 999 |
_c13105 _d13105 |
||